| 000 | 02565nam a2200469 c 4500 | ||
|---|---|---|---|
| 003 | BLK | ||
| 005 | 20250119004124.0 | ||
| 008 | 180409b bul|||||r ||||||| ||bul|| | ||
| 010 | _aKNG00108215000 | ||
| 020 |
_a954-9308-10-3 _bиздат.: Бълг. бестселър - Нац. музей на бълг. книга и полиграфия |
||
| 040 | _aBLK | ||
| 041 |
_aBUL _cBUL |
||
| 080 |
_aВъзстановяване и развитие на България след Освобождението (1878-1900) _b94(497.2)"1878/1900" _x _z94(497.2)"1878/1900" |
||
| 080 |
_aИстория на САЩ _b973 _x _z973 |
||
| 080 |
_aСпециални образователни средни училища - Училища с засилено изучаване на класически езици, на математика и естествени науки и др. _b373.52 _x(497.2)(091) _z373.52(497.2)(091) |
||
| 080 |
_aМисионерство. Евангелизация _b266 _x(497.2)(091) _z266(497.2)(091) |
||
| 100 |
_aРайчевски, Стоян Чилов _d1944 - _gФилолог, немска и българска филология. Историк. _9246266 |
||
| 139 |
_aРайчевски, Стоян Чилов _bР 29 |
||
| 245 | 1 | 0 |
_aАмерика и българите до Учредителното събрание 1879 г. _cСтоян Чилов Райчевски. |
| 257 | _aBGR | ||
| 260 |
_аСофия _bБълг. бестселър - Нац. музей на бълг. книга и полиграфия _c2003 _fСофия : Унив. Св. Кл. Охридски |
||
| 300 |
_a316 с., 12 л. _bил. _c24 см |
||
| 380 | _a9 | ||
| 500 | _aБиблиогр. с. 310-315 | ||
| 504 | _a310-315 | ||
| 650 | 0 |
_aБългария - история, нова _9241998 |
|
| 650 | 4 |
_aИстория - България - американски извори _9307735 |
|
| 650 | 4 |
_aСАЩ - история и политика _9262023 |
|
| 650 | 4 |
_aАмерикано-български политически отношения - история _9146827 |
|
| 650 | 4 |
_aПросветно движение - България - история _9246173 |
|
| 653 | _aистория | ||
| 653 | _aБългария | ||
| 653 | _aСАЩ | ||
| 653 | _aпросветителство | ||
| 653 | _aобразование | ||
| 852 | _aЦб 216246 | ||
| 856 | 4 |
_qpdf _u |
|
| 856 | 4 |
_qpdf _u |
|
| 942 |
_cKNG _n0 |
||
| 944 |
_aCR _c13.10.2003 _k _lCRON CRON |
||
| 944 |
_aED _c19.01.2005 _k |
||
| 999 |
_c103143 _d103143 |
||